Statistiques concernant The Legend of Zelda BOTW et TOTK-Complète ces noms de lieux

Cliquez ici pour prendre le quiz!

Statistiques générales

  • Ce quiz a été pris 318 fois
  • Le résultat moyen est 13 sur 25

Statistiques - réponses

Nom de lieu incompletRéponse% Correct
...PiafVillage
91%
Domaine...Zora
90%
...du PréludePlateau
83%
...GerudoCité
81%
...antique d'AkkalaLaboratoire
77%
...de la FoudreMont
77%
Ruines du temple du...Temps
74%
...FinalisIle
72%
...suspendu de DigdoPont
71%
...forêt d'HyruleGrande
68%
...de la SagesseSource
68%
...des ObscurciesRuines
62%
...Uto ZixiSanctuaire
62%
...du pied de la montagneRelais
55%
...de MarlonFontaine
47%
Gazette des ...Bois
46%
...de barrage de l'estLac
43%
...TragiteGrotte
38%
...de la montagne de LanelleTour
33%
...cité des MouettesAncienne
27%
...de CocolintPlage
20%
Oasis du...Sud
19%
...de la LuterraneBarrage
13%
...d'OurbillonPéninsule
13%
...du DragonGeôle
2%

Distribution des résultats

Percentile par nombre de réponses

% des personnes avec chaque résultat

Votre développement - résultats

Vous n’avez pas pris ce quiz